| 000 | 00742nam a2200181Ia 4500 | ||
|---|---|---|---|
| 008 | 100920s9999 xx 000 0 und d | ||
| 082 |
_b104390 _a28 व 891 न 08 |
||
| 100 | _aऔरंगाबादकर अनुराधा. | ||
| 245 | _aकिशोरवयीन मुलांसाठी गोष्टी. | ||
| 260 |
_bसुयश प्रकाशन,पुणे. _c2008 |
||
| 300 |
_a50 _bसाधी |
||
| 365 | _b40 | ||
| 520 | _aबा.वि.लघुकथा. | ||
| 630 | _aकिशोरवयीन मुलांसाठी गोष्टी. | ||
| 650 | _aबा.वि.लघुकथा. | ||
| 730 | _aकिशोरवयीन मुलांसाठी गोष्टी. | ||
| 942 | _cBOOK | ||
| 999 |
_c744822 _d744819 |
||